| 000 | 00601nam a2200265Ia 4500 | ||
|---|---|---|---|
| 001 | 12563 | ||
| 003 | 24624 | ||
| 005 | 20241029062546.0 | ||
| 008 | ||||||n9999 ||| || || | ||
| 041 | _aeng | ||
| 082 |
_219 _a320 |
||
| 100 |
_aWallas, Graham _920632 |
||
| 245 | 0 | _aHuman nature in politics | |
| 260 |
_aEstados Unidos : _bUniversity of Nebraska Press, _c1962. |
||
| 300 | _a313p | ||
| 562 | _e2 | ||
| 650 |
_aPOLÍTICAS _920816 |
||
| 650 | 0 |
_aPsicología _928 |
|
| 942 | _cBKM | ||
| 999 |
_c12563 _d12563 |
||
| 526 | _a4969 | ||
| 526 | _a19790 | ||
| 526 | _a104436 | ||
| 526 | _a51868 | ||
| 526 | _a1697 | ||